LEADER 01738nam0 22003973i 450 001 RAV0284880 005 20251003044329.0 010 $a8820322927 020 $aIT$b97-4493 100 $a20240606d1996 ||||0itac50 ba 101 | $aita$cita 102 $ait 181 1$6z01$ai $bxxxe 182 1$6z01$an 183 1$6z01$anc$2RDAcarrier 200 1 $aAcquedotti$eguida alla progettazione$fValerio Milano 210 $aMilano$cU. Hoepli$dİ1996 215 $a643 p.$cill.$d24 cm. 500 10$aAcquedotti$3UBS0017602$9CFIV110236$977590 606 $aAcquedotti$xProgettazione$2FIR$3CFIC089057$9I 676 $a628.1$9Approvvigionamento idrico$v14 676 $a628.1$9Approvvigionamento idrico$v21 676 $a628.15$9APPROVVIGIONAMENTO IDRICO. CONDUTTURE PRINCIPALI E DERIVATE$v19 676 $a628.15$9CONDOTTE ADDUTTRICI E SECONDARIE. ACQUEDOTTI$v20 676 $a628.15$9$v21 676 $a628.15$9Approvvigionamento idrico. Condotte adduttrici e secondarie$v22 700 1$aMilano$b, Valerio$3CFIV110236$4070$0333792 801 3$aIT$bIT-000000$c20240606 850 $aIT-BN0095 $aIT-NA0299 901 $bNAP 01$cSALA DING $n$ 901 $bNAP AG$cI $n$ 912 $aRAV0284880 950 0$aBiblioteca Centralizzata di Ateneo$b1 v. (2. copia)$c1 v. in due copie$d 01SALA DING 628.1 MIL.ac$e 0102 0000038895 VMA A4 1 v. (2. rist. 2000)$fY $h20011017$i20011017$b1 v. (2. copia)$c1 v. in due copie$d 01SALA DING 628.1 MIL.ac$e 0102 0000038905 VMA A4(bis 1 v. (2. rist. 2000; 2. copia)$fY $h20011017$i20011017 977 $a 01$a AG 996 $aAcquedotti$977590 997 $aUNISANNIO